Statistiques concernant Tous les pays modernes qui ont été sous domination prussienne

Cliquez ici pour prendre le quiz!

Statistiques générales

  • Ce quiz a été pris 5 966 fois
  • Le résultat moyen est 10 sur 13

Réponses sur la Carte

Les réponses sont colorées sur une échelle allant du rouge au vert en fonction du pourcentage des utilisateurs qui les ont devinées à leur premier essai. Vous pouvez retrouver ces pourcentages ci-dessous.
 

Statistiques - réponses

Pays% Correct
Allemagne
99%
Pologne
98%
Danemark
97%
Belgique
95%
Russie
95%
Lituanie
94%
Pays-Bas
94%
Biélorussie
93%
Suisse
89%
République tchèque
67%
Mauritanie
48%
Ghana
47%
États-Unis (Porto Rico et
Îles Vierges Américaines)
17%

Distribution des résultats

Percentile par nombre de réponses

% des personnes avec chaque résultat

Votre développement - résultats

Vous n’avez pas pris ce quiz